00354nam a2200133Ia 4500008004100000041001200041082001600053100002300069245006100092260004000153300000800193650000800201700001100209221030s9999 xx 000 0 und d aEnglish a105.23bBha aS. K. Bhattacharya 0aPrinciples of Electronicscby S. K. Bhattacharya, R. Vig bS.K Kataria & SonsaNew Delhic2000 a621 aECE aR. Vig